| 000 | nam a22 a 4500 | ||
|---|---|---|---|
| 999 |
_c1021 _d1021 |
||
| 003 | AKMAL | ||
| 005 | 20170508112100.0 | ||
| 008 | 17 s2009 my l 00 eng d | ||
| 020 |
_a9678904020 (kkt.): _cRgt. 12.50 |
||
| 040 | _aAKMAL | ||
| 082 | 0 | 4 | _a345.5950277 |
| 090 |
_a345.5950277 _bMAL |
||
| 110 | 1 |
_aMalaysia _9400 |
|
| 245 | 1 |
_aAkta Dadah Berbahaya (Perlucuthakan Harta) 1988 (Akta 340), (Langkah-langkah Pencegahan Khas) 1985 (Akta 316) & Kaedah -kaedah, : _bhingga 25hb. Mei 2009 / _cdisusun oleh Lembaga Penyelidikan Undang-undang |
|
| 260 |
_aKuala Lumpur : _bInternational Law Book Services, _c2009 |
||
| 300 |
_aiv, 127ms. ; _c24cm |
||
| 521 | _aPeringkat pembaca: Dewasa | ||
| 650 |
_aDrugs _xLaw and legislation _zMalaysia _92109 |
||
| 650 |
_aDrug abuse _zMalaysia _xPrevention _92110 |
||
| 710 | 1 |
_aMalaysia. _tAkta Dadah Berbahaya (Langkah-Langkah Pencegahan Khas), 1985 _92111 |
|
| 942 |
_2ddc _cBOOK |
||